000 00789nas a2200277 4500
001 BR6006697
003 BR-BrBNA
005 20231205082031.0
007 ta
008 230509b bl.|||p| |||| 00| 00por d
040 _aBR-BrBNA
_bpor
_cBiblioteca Nacional de Agricultura
041 _a(Pt)
072 _aE70; E15
100 1 _aMoura, W.
245 1 _aRegras fundamentais na cooperativa de consumo [Preco; Venda; Capital; Credito]
650 _aComercializacao
650 _aMicroeconomia
650 _aCooperativa de consumo
650 _aPreco
650 _aVenda
650 _aCapital
650 _aCredito
773 0 _tSul - Coop. Cooperativismo (Brazil)
_x
_g(May 1960), v. 12(62) p. 5-6
_wBR6006697
909 _a202311
_bLúcia
_c55
_dLúcia Elande
942 _2AGRIS
_n0
_cANA
999 _c88705
_d88705